Culture Générale - Série 1654 - Statistiques

Statistiques générales
  • Ce quiz a été pris 95 fois
  • Le résultat moyen est 6 sur 10
Statistiques - réponses
Question Réponse % Correct
Quel pays réunit les ports de Wellington et d'Auckland ? Nouvelle-Zélande
95%
Sur quelle île se trouve la ville de Calvi ? Corse
90%
D'après une chanson de Pierre Perret, qu'est-ce qui peut-être laid, beau, dur, mou ou avoir un grand cou ? zizi
86%
De quel pays Ljubljana est-elle la capitale ? Slovénie
85%
Sous quel nom connaît-on mieux la chanteuse Ophélie Kleerekoper ? Ophélie Winter
59%
À quel écrivain espagnol, né en 1547, doit-on les “Nouvelles exemplaires” ? Miguel de Cervantès
48%
En 1973, dans la série "Le Jeune Fabre", quelle actrice, prénommée Véronique, est Isabelle, la petite amie de Jérôme ? Véronique Jannot
37%
Par quel terme, signifiant "moine", désigne-t-on un prêtre-sorcier dans certaines sociétés d'Asie centrale et septentrionale ? chaman
27%
En 1672, à quel poète dramatique français doit-on “Bajazet” ? Jean Racine
21%
Quel musicien a composé les “Rhapsodies hongroises” au XIXe siècle ? Franz Liszt
20%
Aucun quiz correspondant
Distribution des résultats
% des personnes avec chaque résultat
Percentile par nombre de réponses
Votre historique - résultats
Vous n’avez pas pris ce quiz